<?xml version="1.0" encoding="UTF-8"?>
<record
    xmlns:xsi="http://www.w3.org/2001/XMLSchema-instance"
    xsi:schemaLocation="http://www.loc.gov/MARC21/slim http://www.loc.gov/standards/marcxml/schema/MARC21slim.xsd"
    xmlns="http://www.loc.gov/MARC21/slim">

  <leader>02586cab a2200337Ia 45 0</leader>
  <controlfield tag="001">u189094</controlfield>
  <controlfield tag="003">SIRSI</controlfield>
  <controlfield tag="008">110116s2010    ua     ss b         eng d</controlfield>
  <datafield tag="040" ind1=" " ind2=" ">
    <subfield code="a">EAL</subfield>
  </datafield>
  <datafield tag="041" ind1=" " ind2=" ">
    <subfield code="a">eng</subfield>
    <subfield code="b">ara</subfield>
  </datafield>
  <datafield tag="090" ind1=" " ind2=" ">
    <subfield code="a">ART MUJPP V1 No7 9</subfield>
  </datafield>
  <datafield tag="100" ind1="1" ind2=" ">
    <subfield code="a">Younis, S. I.</subfield>
  </datafield>
  <datafield tag="240" ind1="1" ind2="0">
    <subfield code="a">Mansoura University journal of plant production, 2010 v. 1 (7)</subfield>
    <subfield code="h">[electronic resource].</subfield>
  </datafield>
  <datafield tag="245" ind1="1" ind2="0">
    <subfield code="a">Effect of water stress and potassium fertilizer on the growth, yield and composition of essential oil of fennel plant</subfield>
    <subfield code="h">[electronic resource].</subfield>
  </datafield>
  <datafield tag="246" ind1="1" ind2="5">
    <subfield code="a">&#x62A;&#x623;&#x62B;&#x64A;&#x631; &#x627;&#x644;&#x627;&#x62C;&#x647;&#x627;&#x62F; &#x627;&#x644;&#x645;&#x627;&#x626;&#x64A; &#x648;&#x627;&#x644;&#x62A;&#x633;&#x645;&#x64A;&#x62F; &#x627;&#x644;&#x628;&#x648;&#x62A;&#x627;&#x633;&#x64A; &#x639;&#x644;&#x64A; &#x627;&#x644;&#x646;&#x645;&#x648; &#x648;&#x627;&#x644;&#x645;&#x62D;&#x635;&#x648;&#x644; &#x648;&#x627;&#x644;&#x645;&#x643;&#x648;&#x646;&#x627;&#x62A; &#x627;&#x644;&#x643;&#x64A;&#x645;&#x64A;&#x627;&#x626;&#x64A;&#x629; &#x644;&#x644;&#x632;&#x64A;&#x62A; &#x627;&#x644;&#x639;&#x637;&#x631;&#x64A; &#x644;&#x646;&#x628;&#x627;&#x62A; &#x627;&#x644;&#x634;&#x645;&#x631;.</subfield>
  </datafield>
  <datafield tag="300" ind1=" " ind2=" ">
    <subfield code="a">p.931-946.</subfield>
  </datafield>
  <datafield tag="504" ind1=" " ind2=" ">
    <subfield code="a">Includes references.</subfield>
  </datafield>
  <datafield tag="520" ind1=" " ind2=" ">
    <subfield code="a">Two field experiments were carried out at Sakha Agricultural Research Station during the 2009 and 2010 seasons to investigate the impact of water stress treatments (40, 60 and 80% depletion from available soil water) and potassium fertilizer levels (18, 24 and 30kg K,O/fed) as potassiuin sulphate on the growth, yield and essential oil of fennel plants. The obtained results showed that supplying plants with a water level of 40% from available soil water and 30kg f&lt;20/fed were effective on raising the productlvity of fruit yield and essential oil. The interaction between these two treatments gave the best results. Concerning essential oil constituents, methyl cnavicol (estragole) was the major compound, followed by limonene, fenchone, anethole, a pinene, myrcene and 13 pinene. The values of consumptive use, water applied and water storage in the effective root zone Vlere clearly affected by irrigation treatments where the highest values for the three studied parameters were increased under 11 (irrigation at depletion of 40% from available water, consequently, the values of these parameters can be arranged descendingly as follows: l1&gt; l2&gt; l3 while, the mean values of water application efficiency can be arranged descendingly in order of l3&gt;l2&gt;l1.</subfield>
  </datafield>
  <datafield tag="546" ind1=" " ind2=" ">
    <subfield code="a">Summary in English.</subfield>
  </datafield>
  <datafield tag="650" ind1=" " ind2="0">
    <subfield code="a">Fennel</subfield>
    <subfield code="x">Growth.</subfield>
  </datafield>
  <datafield tag="650" ind1=" " ind2="0">
    <subfield code="a">Fennel</subfield>
    <subfield code="x">Fertilizers.</subfield>
  </datafield>
  <datafield tag="650" ind1=" " ind2="0">
    <subfield code="a">Fennel</subfield>
    <subfield code="x">Yields.</subfield>
  </datafield>
  <datafield tag="650" ind1=" " ind2="0">
    <subfield code="a">Fennel</subfield>
    <subfield code="x">Effect of stress on.</subfield>
  </datafield>
  <datafield tag="650" ind1=" " ind2="0">
    <subfield code="a">Herbs.</subfield>
  </datafield>
  <datafield tag="650" ind1=" " ind2="0">
    <subfield code="a">Potassium fertilizers.</subfield>
  </datafield>
  <datafield tag="700" ind1="1" ind2=" ">
    <subfield code="a">Rashed, Nahed M.</subfield>
  </datafield>
  <datafield tag="700" ind1="1" ind2=" ">
    <subfield code="a">Moursi, E. A.</subfield>
  </datafield>
  <datafield tag="773" ind1="0" ind2=" ">
    <subfield code="t">Mansoura University Journal of Plant Production. </subfield>
    <subfield code="g">2010.v.1(7)</subfield>
    <subfield code="x">2090-3669</subfield>
    <subfield code="7">nnas</subfield>
    <subfield code="w">u183247</subfield>
  </datafield>
  <datafield tag="856" ind1="4" ind2="0">
    <subfield code="u">http://nile.enal.sci.eg/EALE/2010/MUJPP/110/7/931.pdf</subfield>
    <subfield code="z">Full Text Article.</subfield>
  </datafield>
  <datafield tag="596" ind1=" " ind2=" ">
    <subfield code="a">1</subfield>
  </datafield>
  <datafield tag="942" ind1=" " ind2=" ">
    <subfield code="c">AR</subfield>
    <subfield code="2">lcc</subfield>
  </datafield>
  <datafield tag="999" ind1=" " ind2=" ">
    <subfield code="c">43877</subfield>
    <subfield code="d">43877</subfield>
  </datafield>
</record>
